1728 1952 1514 1215 1905 1770 1419 1981 1534 1307 1499 1953 1659 1578 1073 1933 1837 1361 1742 1760 1792 1318 1114 1762 1439 1873 1603 1248 1256 1794 1196 1130 1611 1384 1067 2000 1674 1068 1616 1436 1900 1995 1133 1764 1069 1720 1284 1298 1341 1248 1827 1266 1565 1287 1166 1236 1032 1569 1473 1556 1890 1809 1126 1068 1790 1876 1564 1115 1478 1309 1126 1711 1777 1325 1612 1794 1158 1676 1710 1752 1061 1115 1771 1753 1635 1893 1609 1921 1882 1635 1128 1996 1030 1570 1415 1239 1950 1101 1587 BCNSPRNW ULIB Ver.6.0+V

เปลี่ยนเป็นภาษาไทย

Change to English
 แสดงรายละเอียดบรรณานุกรม
  กลับหน้าหลัก

Brief Record : Get Marc (ISO 2709) : E-mail record : QR code < ปิดหน้าต่าง
LEADER : 00000nam 2200000uu 4500
001    13399121483
003     ULIB
008    121121s2552||||th 000 0 tha d
020    ^a9786115120017
050 04 ^aSB449 ^bส831ก
100 0  ^aสุพัสดา ศรีอุดร.
245 1   ^aการจัดดอกไม้แบบสากล / ^cสุพัสดา ศรีอุดร, สมัย ศรีอุดร
250    ^aa พิมพ์ครั้งที่ 1.
260    ^aa กรุงเทพฯ : ^bวาดศิลป์, ^c2552.
300    ^aa 64 หน้า : ^bภาพประกอบ ; ^c26 ซม.
500    ^aa โครงการหนังสือส่งเสริมวิชาชีพธุรกิจ
590    ^aa 09/2552TV
650  7 ^aการจัดดอกไม้.
650  7 ^aดอกไม้ ^xการจัดและตกแต่ง.
658    ^aa TV -- 2 เล่ม
700 0  ^aสมัย ศรีอุดร
850    ^a HCU
945    ^p160^l0^i17806
995    ^aวิภา
999    ^aวิภา
รายการนี้ยังไม่มีแท็ก
คุณยังไม่ได้ล็อกอิน คุณสามารถมีกิจกรรมร่วมกับเว็บไซต์ได้ แต่ต้องล็อกอินก่อน ::
  ล็อกอิน

รายการสื่อสารสนเทศ

ลำดับที่ ประเภท เลขเรียก/บาร์โค้ด สถานที่ สถานะ
1. วิทยาศาสตร์การแพทย์ และสุขภาพ
วิทยาศาสตร์การแพทย์ และสุขภาพ
SB449 ส831ก  
  Barcode: 17806
ห้องสมุดวิทยาเขตสวรรค์ประชารักษ์
►หนังสือทั่วไป
บนชั้น

BibComment


ยังไม่เคยถูกคอมเมนท์

คอมเมนท์ทรัพยากรรายการนี้
  คอมเมนท์: การจัดดอกไม้แบบ..


 Copyright 2026. Bcnsprnw @Library